Statistics for Star wars-HARD quiz

Click here to take the quiz!

General Stats

  • This quiz has been taken 24 times
  • The average score is 7 of 13

Answer Stats

HintAnswer% Correct
once a jedi now a sithcount dooku
91%
a seprestist tankaat
86%
jedi with big foreheadki adi mundi
82%
walkers on endoratst
77%
anakins moms nameshmi
77%
trooper in silver armorcaptain phasma
59%
is blue with red eyescad bane
55%
creator of the dark troopersmoff gideon
45%
strongest member in the bad batchwrecker
45%
ashoka's clone unit332nd
32%
only jedi who beat yoda in a lightsaber duelplokoon
32%
jedi that has 2 double bladed lightsaberspon krell
32%
white+red armored clonesshock troopers
27%

Score Distribution

Percentile by Number Answered

Percent of People with Each Score

Your Score History

You have not taken this quiz